| 000 | 00623nam a2200205 i 4500 | ||
|---|---|---|---|
| 001 | 63223 | ||
| 003 | ES-MaACL | ||
| 005 | 20250315182514.0 | ||
| 007 | t| | ||
| 008 | 031203s1928 cu |||| |bspa d | ||
| 080 | _a929:32 Machiavelli, Niccoló | ||
| 100 | 1 |
_aFerrara, Orestes. _950298 |
|
| 245 | 1 | 0 |
_aMaquiavelo / _cOrestes Ferrara ; prólogo de Luis Octavio Diviñó. |
| 260 |
_aLa Habana : _bEl Siglo XX, _c1928. |
||
| 300 |
_aXXVIII, 360 p. ; _c27 cm. |
||
| 600 | 1 | 4 |
_aMachiavelli, Niccolò, _d1469-1527 _975181 |
| 700 | 1 |
_aDiviñó, Luis Octavio. _944894 |
|
| 852 |
_aES-MaACL _jB-3417 |
||
| 999 |
_c63223 _d63223 |
||